[Event "Dortmund 46th"]
[Site "Dortmund"]
[Date "2018.07.14"]
[Round "1"]
[White "Wojtaszek, Radoslaw"]
[Black "Meier, Georg"]
[Result "1/2-1/2"]
[WhiteElo "2733"]
[BlackElo "2628"]
[Annotator "Sadorra,J"]
[PlyCount "61"]
[EventDate "2018.07.14"]
[EventType "tourn"]
[EventRounds "7"]
[EventCountry "GER"]
[EventCategory "19"]
[SourceTitle "CBM 186"]
[Source "ChessBase"]
[SourceDate "2018.09.14"]
[SourceVersion "1"]
[SourceVersionDate "2018.09.14"]
[SourceQuality "1"]

1. c4 b6 2. Nc3 Bb7 {This is known as the English Defence and is usually
employed by GMs as a fighting weapon as it leads to unclear or imbalanced
middlegames.} 3. d4 e6 4. e4 Bb4 5. f3 {This is the more solid approach as it
takes the sting out of Black's typical undermining move f7-f5.} ({The most
popular move here is} 5. Bd3 {but recent practice is seeing Black getting good
play after} f5 6. Qh5+ (6. Qe2 Nf6 7. Bg5 fxe4 8. Bxe4 Bxe4 9. Bxf6 Qxf6 10.
Qxe4 Nc6 $11) 6... g6 7. Qe2 Nf6 8. Bg5 fxe4 9. Bxe4 Bxe4 10. Bxf6 Qxf6 11.
Qxe4 Nc6 $11) 5... Ne7 {Preparing ...f5.} 6. Bd3 e5 $5 {Knowing that Georg is
a theoretician, there is a good chance that this is still part of Black's prep.
} ({The more logical follow up is} 6... f5 {but it's unpleasant to meet} 7. Bg5
$1 h6 8. Bh4 g5 $6 (8... Qc8 9. Bxe7 Bxe7 10. exf5 $16) 9. Bf2) 7. Nge2 $146 {
This is the new move or deviation of the game.} ({If} 7. a3 {Black gets a nice
version of a Sämisch Nimzo-Indian after} Bxc3+ 8. bxc3 Nbc6 $1 9. Ne2 d6 10.
O-O O-O $11 {[%cal Gc6a5,Gb7a6,Gf3f4,Gf7f6] ½-½ (86) Klekowski,M (2509)
-Teclaf,P (2373) Katowice 2018}) 7... exd4 8. Nxd4 Nbc6 {Black has found a
good placement for his minor pieces and White isn't able to pose any serious
problems so we can say that the opening is a success for Black.} 9. Nde2 Ne5 (
9... Bc5 $5 10. Na4 (10. a3 a5 11. Na4 d6) 10... d6 $11) 10. a3 Bxc3+ {Black
doesn't mind trading as he has less space.} 11. Nxc3 O-O 12. Bg5 f6 13. Bh4
N7g6 (13... Nxd3+ 14. Qxd3 Ng6 15. Bg3 {transposes.}) 14. Bg3 Nxd3+ 15. Qxd3 d6
16. Nd5 Qd7 {Black has achieved a very solid position.} (16... a5 $5 17. O-O-O
a4 18. Kb1 Ne5 $11) 17. O-O-O Bxd5 18. Qxd5+ (18. cxd5 b5 $1 19. Kb1 b4 $1 20.
axb4 (20. Rc1 Rab8) 20... a5 $40) (18. exd5 b5 $5 $40 (18... Rab8 $40 {[%cal
Rb6b5]})) 18... Qf7 19. Kc2 Ne7 20. Qxf7+ Kxf7 {White has no edge in this
ending despite his bishop due to lack of open lines. Black was never in any
danger playing the ensuing ending especially for an endgame specialist like
Georg.} 21. Kc3 a5 22. b3 Rfe8 23. Rd2 h5 24. h4 g6 25. Rhd1 Nc6 26. Rd5 Re6
27. Bf4 Ne7 28. R5d2 Nc6 29. Rd5 {Wojtaszek couldn't find any way to make
progress without weakening his position, and therefore decided to propose a
peace treaty here, which was willingly accepted by his opponent.} Ne7 30. R5d2
Nc6 31. Rd5 {A nice opening choice as Black by GM Meier against such a
well-prepared opponent and defending champion of the event!} 1/2-1/2

[Event "Tashkent FIDE GP"]
[Site "Tashkent"]
[Date "2014.10.29"]
[Round "8"]
[White "Gelfand, Boris"]
[Black "Jobava, Baadur"]
[Result "0-1"]
[WhiteElo "2748"]
[BlackElo "2717"]
[Annotator "Sagar Shah"]
[PlyCount "60"]
[EventDate "2014.10.21"]
[EventType "tourn"]
[EventRounds "11"]
[EventCountry "UZB"]
[EventCategory "21"]
[SourceTitle "CBM 163"]
[Source "ChessBase"]
[SourceDate "2014.11.11"]
[SourceVersion "1"]
[SourceVersionDate "2014.11.11"]
[SourceQuality "1"]

{Boris Gelfand is one of those few players at the top level who is a pure
Queen's Pawn player. He invariably opens his game with 1.d4.} 1. d4 e6 2. c4 b6
{With Jobava at the board you can always hope for interesting and unorthodox
play. The Owen Opening with e6 and b6 is not an uncommon opening at club level
but at the highest levels of chess it remain a rare guest.} 3. e4 Bb7 4. Bd3
Bb4+ 5. Bd2 (5. Kf1 $1 {is a potentially very dangerous move as proved by
Wesley So against Baadur Jobava. The point is that you make the bishop on b4
look pretty silly and at the same time avoid piece exchanges.} Be7 6. Nc3 d6 7.
Nf3 Nf6 8. g3 O-O 9. Kg2 Nbd7 10. Qe2 $14 {1-0 (37) So,W (2744)-Jobava,B (2713)
Bergamo ITA 2014. White has developed his pieces and avoided exchanges. Just
what was required.}) 5... Bxd2+ 6. Nxd2 $6 {This looks a little passive. After
all in such structures White's knight would definitely be more useful on c3
than on d2. Hence Qxd2 was the more logical move in my opinion.} (6. Qxd2 d6 (
6... f5 7. Nc3 Nf6 8. f3 fxe4 9. fxe4 O-O 10. Nf3 $14) 7. Nc3 Nd7 8. f4 Qh4+ (
8... e5 $5 9. dxe5 dxe5 10. Nf3 $14) 9. g3 Qe7 10. Nf3 $14 {Wojtaszek, R-David,
A 1-0 (35)}) 6... d6 7. f4 (7. Ngf3 Ne7 8. O-O O-O 9. Qe2 Ng6 $132 {Black has
a very decent position.}) 7... Nd7 $146 {Black has a very comfortable position.
The main reason for the same is that one pair of pieces have been exchanged.
If instead the dark-squared bishops remained on the board, say the black
bishop on e7 and White's one on e3, then White would have a clear advantage
because Black would be quite cramped. Now he already has good squares for his
remaining pieces.} (7... c5 $6 8. d5 $1 e5 9. fxe5 dxe5 10. Qg4 g6 11. Ne2 $16
{would give White a good advantage.}) (7... e5 $5 8. fxe5 dxe5 9. d5 Nd7 {
[%cal Gg8f6,Ge8g8] Black has a harmonius development.}) 8. Qg4 $6 {This quuen
sortie was completely unnecessary. Black's next few moves are very easy. He
develops his knight with a tempo to f6 and then picks the pawn on g2 with his
rook which gives him very nice counterplay.} ({On the other hand} 8. Ngf3 {
is not so dangerous:} Ne7 9. O-O O-O 10. Qe2 e5 $1 11. fxe5 dxe5 12. d5 Ng6 $11
{Black has a fine position.}) 8... Ngf6 $1 9. Qxg7 Rg8 10. Qh6 Rxg2 (10... e5 {
was very interesting.} 11. Ngf3 Ng4 12. Qxh7 Ndf6 13. Qh3 exf4 $13 {with very
active pieces for Black.}) 11. Ngf3 (11. Ne2 $142 {[%csl Ye1][%cal Ge2f4] It's
not so easy to decide where the knight will be better placed. Nf3 looks
perfectly natural, but Ne2 would be a more useful move as the f4-pawn would be
defended.}) 11... Qe7 (11... Rg6 {was a possibility} 12. Qh3 (12. Qh4 Rg4)
12... Rg4 {[%csl Rf4] It is not surprising that the f4-pawn is weak, what
surprises me is that it can be attacked in such a kind of position! The
difference can be clearly seen here. The picture would have been different had
the knight been on e2.} 13. Qh6 (13. f5 $6 exf5 14. exf5 Qe7+ {[%csl Re1]} 15.
Kd1 (15. Be2 O-O-O $19) 15... O-O-O {[%csl Rd1]} 16. Kc2 d5 $1 $15) (13. O-O-O
Rxf4 14. Rhg1 e5 {[%cal Ge5d4,Gd8e7,Ge8c8]} 15. c5 $1 Qe7 $13 {[%cal Ge8c8]})
13... Rg6 14. Qh3 $11 {A draw is a good result for Black but not if the Black
player is Baadur Jobava. He hardly ever agrees to quick draws.}) 12. Qh3 Rg7
13. O-O-O Ng4 $1 {The safety of the king can wait here, activating the knight
is the need of the moment. The family of the central pawns have left enough
weak squares behind. Jobava doesn't let go of the opportunity to pressurise
these dark squares at the right time.} (13... O-O-O 14. Rhg1 Rdg8 15. Rg5 $1
$14 {With the rook posted on the g5-square, Black is cramped and lacks active
plans.}) 14. Qg3 (14. Rhf1 Qf6 $1 $15 {[%cal Gg4e3,Gf6f4]} (14... Ne3 $6 15.
Rg1 $1 $11)) (14. Rdf1 O-O-O 15. Rhg1 Rdg8 $13 {[%csl Ge3,Gg4]}) (14. Qg2 Rg8
$1 (14... O-O-O $5 15. h3 Nge5 16. Qxg7 Nxd3+ 17. Kc2 Nf2 {Black wins back the
exchange but White is just fine. He can play Ng5 here and keep an edge.} 18.
Ng5 $5 $14) 15. h3 Ngf6 16. Qe2 O-O-O $132) 14... Ndf6 $1 {Suddenly the threat
of ...Nh5 is pretty strong.} 15. Ng5 $6 (15. Qe1 Nh5 16. f5 e5 $15 {[%cal
Gh5f4]}) (15. Rdg1 {was relatively the best.} Nh5 16. Qe1 Nxf4 17. Bc2 {
[%cal Gh2h3]} Rg8 $1 18. h3 Nf6 19. Rxg8+ Nxg8 20. Ba4+ c6 $15 {Though a bit
worse, White can try for some practical compensation as Black lags behind in
development.}) (15. h3 Nh5 $1 16. Qe1 Nxf4 $17) 15... h6 16. Nh3 (16. h3 hxg5
17. hxg4 gxf4 18. Qxf4 (18. Rh8+ Kd7 $19) 18... Rxg4 19. Qf3 O-O-O $17) 16...
O-O-O {Black's 0-0-0 brings his last piece, the a8-rook, into the game. Now
Black's pieces co-ordinate perfectly and the king is also safe. Gelfand is in
big trouble.} 17. Rde1 Nh5 {Though Black's knights are on the rim, it is
White's position that is dim! The queen has only one logical square to go to
and that is f3.} 18. Qf3 Qh4 19. Re2 $6 (19. Qf1 Nxf4 $1 20. Nxf4 Nf2 $1 $15 {
[%cal Gf2d3,Gf2h1] Forking the h1-rook and the d3-bishop.} 21. Bc2 Nxh1 $15 (
21... Qxf4 $2 22. Re2 $18)) 19... Kb8 {Though directly playing ...f5 was
better, this is a very human move moving the king to safety from any possible
checks in future.} (19... f5 $1 {was worth considering.} 20. Nf2 Nxf2 21. Rxf2
Rg4 $1 $19 {[%csl Rf4] The f4-pawn falls.}) 20. Bc2 f5 $1 21. Qf1 Nhf6 (21...
d5 $1 {[%cal Gb7a6,Ga6f1] was extremely strong as after} 22. cxd5 (22. exd5
exd5 $19) 22... Ba6 $1 $19 {Black is just winning.}) 22. Nf3 (22. Rg1 Nxe4 23.
Nxe4 fxe4 24. Bxe4 Nxh2 $1 $19) 22... Qh5 23. exf5 exf5 24. d5 {Shutting in
the bishop but at a very severe cost. Now the e-file falls into White's hands.}
Re8 $5 (24... Ba6 {also is very strong as after} 25. b3 Nxd5 $1 26. cxd5 Ne3
27. Qf2 Bxe2 28. Qxe2 Nxc2 $19 {Black has a winning position.}) 25. Rxe8+ Qxe8
26. Qd3 (26. Bxf5 $4 Ne3 27. Qd3 Nxf5 28. Qxf5 Qe3+ $19) 26... Re7 $1 {The
bishop on b7 is shut in for the time being but all the rest of the pieces are
playing very nicely.} 27. Rf1 Ne3 28. Rf2 Ba6 $1 29. Bb3 (29. b3 Nfxd5 $19)
29... Nexd5 30. Qxf5 Bxc4 $1 {To beat the solid Gelfand with Back is a big
achievement by Jobava and it was not out of well known theoretical lines. The
e6 followed by b6 setups give Black an original position which hasn't been
analysed in too much depth. Jobava played the entire game flawlessly and was
able to beat Gelfand without much difficulty.} (30... Bxc4 31. Bxc4 Re1+ 32.
Kc2 (32. Nxe1 Qxe1+ 33. Kc2 Ne3+) 32... Ne3+) (30... Re1+ {is also winning.}
31. Nxe1 Qxe1+ 32. Bd1 (32. Kc2 Nb4#) 32... Bxc4 $19) 0-1

[Event "Tata Steel-A 79th"]
[Site "Wijk aan Zee"]
[Date "2017.01.21"]
[Round "7"]
[White "Wojtaszek, Radoslaw"]
[Black "Adhiban, Baskaran"]
[Result "0-1"]
[WhiteElo "2750"]
[BlackElo "2653"]
[Annotator "Sagar Shah"]
[PlyCount "132"]
[EventDate "2017.01.14"]
[EventType "tourn"]
[EventRounds "13"]
[EventCountry "NED"]
[EventCategory "21"]
[SourceTitle "CBM 177"]
[Source "ChessBase"]
[SourceDate "2017.03.16"]
[SourceVersion "1"]
[SourceVersionDate "2017.03.16"]
[SourceQuality "1"]

1. d4 e6 2. c4 b6 {The English Defence. Once again Adhiban chooses a system
which is not theoretically popular.} 3. Nc3 Bb4 {Now this has a flavour of the
Nimzo-Indian + the Queen's Indian.} 4. Qc2 Bb7 5. a3 Bxc3+ 6. Qxc3 f5 {And now
we have some sort of a Dutch!} 7. Nh3 {Wojtaszek develops his knight on h3 so
that he can keep the e4-square under control with the move f3.} Nf6 8. f3 O-O
9. e3 Nh5 10. Be2 Qh4+ 11. Nf2 {Overall White has a very harmonious position
with the centre, and the bishop pair. But Black's play is easy. He just
develops ...d6-Nbd7 and breaks in the centre with ...e5.} d6 12. b3 Nd7 13. Bb2
e5 14. d5 f4 {Adhiban decides that it is best to close down the position
against White's bishops.} 15. e4 a5 16. g3 Qe7 (16... fxg3 17. hxg3 Qg5 18. f4
Qxg3 19. Rxh5 Qg1+ 20. Kd2 (20. Bf1 Rxf4 $19) 20... Qxf2 21. Rf1 $13) 17. g4
Nhf6 18. Qc2 c6 $1 {The white king doesn't really have a safe spot to go to
and hence Adhiban opens up the position in the centre.} 19. dxc6 Bxc6 20. b4
axb4 21. axb4 Rxa1+ 22. Bxa1 Ra8 {Black's pieces are activated without any
issues.} 23. Bb2 Nf8 $1 {The knight will make its way via e6 to d4.} 24. Qd2
Ne6 25. O-O h5 26. Rd1 Ra2 27. b5 $6 (27. Qxd6 Qxd6 28. Rxd6 Rxb2 29. Rxe6 Bd7
$1 30. Rd6 Rxe2 31. g5 Nh7 32. Rxd7 Nxg5 $11 {when the position is around even.
}) 27... Bd7 28. c5 {This was Wojtaszek's plan. To get the bishop to c4.} Nd4
$1 29. c6 (29. Bc4+ d5 $1 30. exd5 Nxf3+ $19) 29... Be6 {True the pawn on c6
is strong. It is even protected. But the knight on f6 is going to come around
to c7 and blockade the pawn. The other knight will also jump in and the
b5-pawn would become quite weak. Although at first look this seems like better
for White, it is in fact the other way around.} 30. g5 Ne8 31. h4 Nc7 {The
right idea, but the wrong timing.} ({Black would have been better served first
swinging his queen over to a7} 31... Qa7 32. Kg2 Nxe2 33. Qxe2 Qa4 34. Rc1 {
and only now play} Nc7 $1 {after which he has successfully infiltrated the
white position and has ensured that the b5-pawn will fall without giving up
his other advantages.} 35. Rc2 Qb3 36. g6 Kf8 37. Qd2 Ke7 38. Nd3 Qxb5 39. Nb4
Ra4 $17) 32. Kg2 Bb3 (32... d5 $5) (32... Ncxb5 $2 33. Bxb5 Nxb5 34. Qb4 Nd4
35. Bxd4 $16) (32... Qe8 $1 33. Bd3 Ncxb5 34. Bxb5 Nxb5 $17) 33. Rc1 Nxe2 34.
Qxe2 Ba4 {Black goes after the b5-pawn, but now the d6-one is also equally
weak and Black loses control.} 35. Qc4+ Qf7 36. Qb4 {White is already pretty
fine, because the d6-pawn is falling.} Bxb5 37. Nd1 $1 {The bishop on b2 is
defended and the d6-pawn is attacked.} Kh7 (37... Qe6 38. Nc3 $16) 38. Qxd6 $18
{In a matter of few moves the position has turned into a clearly better one
for White.} Be2 39. Qxe5 $1 Ra5 40. Qd6 (40. Qd4 $1 Ne6 41. Qxb6 $18 Rb5 42.
Qf2 Bxd1 43. Rxd1 $18) 40... Ra2 {Forty moves have been made. Now White is
clearly winning and also has a lot of time in hand.} 41. Qb4 (41. Qd7 $1 {
Not an easy combination to see.} Qxd7 42. cxd7 Ne6 43. g6+ $3 {The only move
to win.} Kh6 (43... Kxg6 44. Rc6 $18) (43... Kg8 44. Rc8+ $18) 44. Rc2 $1 Bxd1
45. Bxg7+ $18) (41. Rc2 {is the simpler way to win.} Bxd1 42. Qxd1 Qb3 43. Qc1
Ne6 44. Rd2 $18) 41... b5 42. Nf2 Ne6 43. Ra1 Rxa1 44. Bxa1 {White is still
better, but nowhere close to what he was four moves ago.} Qa7 45. Qd2 Qe3 46.
Qxe3 fxe3 47. Be5 $6 (47. Nh3 b4 {Maybe Wojtaszek was afraid of this position,
but it should be a draw.}) 47... b4 48. c7 exf2 49. Kxf2 Ba6 {Black has won a
piece but White has two pawns in return and a very strong structure. The game
should be objectively drawn.} 50. Ke3 g6 51. Kd2 (51. f4 b3 52. Kd2 Bc8 53. Kc3
Nc5 54. Bd4 Nxe4+ 55. Kxb3 $19 {This is also losing as the knight will pick up
the h4-pawn and the pawn will queen.}) 51... Kg8 52. Kc2 Bc8 53. Kb3 Nc5+ 54.
Kc4 (54. Kxb4 Nd3+ $19) 54... Na6 55. Bd6 Be6+ 56. Kd4 (56. Kb5 b3 $19) 56...
Kf7 57. f4 b3 58. Kc3 Ke8 59. c8=Q+ (59. f5 gxf5 60. exf5 Bxf5 61. Kxb3 {
would have given better drawing chances.} Kd7 62. c8=Q+ Kxc8 63. Kc4 Kd7 64.
Kd5 $11) 59... Bxc8 60. Kxb3 Kd7 61. Ba3 Bb7 62. f5 (62. e5 Nc7 $19) 62... Bxe4
63. f6 Bd5+ 64. Kc3 Nc7 65. Kd3 Ke6 66. Bc1 Nb5 {Black has complete control on
the light squares and Wojtaszek saw no reason to continue the fight.} 0-1

[Event "Qatar Masters op"]
[Site "Doha"]
[Date "2015.12.22"]
[Round "3"]
[White "Gagare, Shardul"]
[Black "Hou, Yifan"]
[Result "1/2-1/2"]
[WhiteElo "2470"]
[BlackElo "2683"]
[Annotator "Sagar Shah/CB Website"]
[PlyCount "93"]
[EventDate "2015.12.20"]
[EventType "swiss"]
[EventRounds "9"]
[EventCountry "QAT"]
[SourceTitle "CBM 170"]
[Source "ChessBase"]
[SourceDate "2016.01.15"]
[SourceVersion "1"]
[SourceVersionDate "2016.01.15"]
[SourceQuality "1"]

1. d4 e6 2. c4 b6 3. Nf3 Bb7 4. g3 Bb4+ 5. Bd2 Bxf3 6. exf3 Bxd2+ 7. Qxd2 d5 8.
Nc3 c6 9. cxd5 cxd5 10. Bb5+ Kf8 11. O-O Ne7 12. Ne2 a6 13. Bd3 Nbc6 14. Rac1
Qd6 15. Rc3 h5 16. h4 g6 17. Rfc1 Kg7 18. a3 Rhc8 19. Kg2 a5 20. Qg5 Rh8 21.
Bb5 Rac8 22. Ba6 Rb8 23. Bb5 f6 {The reason why I would like to show you this
game is because simply unbelievable things start happening from this point
onwards, right until the end of the game.} 24. Qf4 $5 {A bold decision
accepting the tripled pawns.} (24. Qe3 $16 {[%cal Ge2f4] was objectively
stronger and would have retained the advantage for White but this is nowhere
near as creative as what was played in the game.}) 24... Qxf4 25. gxf4 $5 {
[%csl Gf2,Gf3,Gf4] The tripled pawns look hideous, but the c-file is beckoning
the white rooks.} Nd8 26. Rc7 Kf8 27. Rd7 Rh7 (27... Nf5 28. Rcc7 Nxh4+ 29. Kh3
Nf5 30. Bd3 Ke8 31. Bxf5 gxf5 32. Rg7 $16 {is a horrible position for Black.
None of his pieces are playing and the white rooks wreak havoc on the seventh
rank.}) 28. f5 $1 Rf7 $1 {A great defensive move found by the world female
number one.} (28... exf5 29. Nf4 $18) (28... gxf5 29. Nf4 $18) 29. fxg6 Nxg6
30. Rcc7 Nxh4+ 31. Kh3 Nxf3 32. Kg3 Ng5 {Black is two pawns up, but wait, dear
folks, this is just the beginning.} 33. Nf4 {The knight comes in, threatening
to take back one pawn with Nxh5.} h4+ 34. Kxh4 Nf3+ 35. Kh5 {The king now
joins the attack.} Nxd4 {Another important pawn bites the dust and the b5
bishop is hanging.} 36. Kg6 {But who cares!} Rxd7 37. Rxd7 Nxb5 {Black is not
only two pawns up but now has an extra piece as well.} 38. Kxf6 $1 {Ng6
followed by Re7 or Rg7 is a deadly threat. And imagine having absolutely no
time as we are nearing the 40th move.} Nc6 39. Nxe6+ Ke8 (39... Kg8 40. Rg7+
Kh8 41. Ng5 Nd8 (41... Rf8+ 42. Nf7+ Rxf7+ 43. Rxf7 $14) 42. Rh7+ Kg8 43. Rg7+
$11) 40. Rxd5 {The knight on b5 surprisingly lacks good squares to go to!} Rb7
$6 ({It was time to take a draw and go back home!} 40... Nba7 41. Nc7+ Kf8 42.
Ne6+ Ke8 43. Nc7+ Kf8 44. Ne6+ Kg8 45. Rg5+ Kh8 46. Rh5+ Kg8 47. Rg5+ $11 {
[%csl Ge6,Gf6,Gg5] The black king alone cannot escape the trio of white king,
rook and knight.}) 41. Rxb5 Rf7+ 42. Kg5 Rxf2 43. Rxb6 {White is the one who
can press now, as he is a pawn up. But this is very drawish.} Ne5 44. b3 Kd7
45. Nc5+ Kc7 46. Re6 Nc6 47. Re3 {The players agreed to a draw. I think it was
a piece of brilliant attack and defence by both sides, especially from the
player with White.} 1/2-1/2

[Event "Solin 7th"]
[Site "Solin"]
[Date "1999.12.16"]
[Round "5"]
[White "Kovacevic, Vlatko"]
[Black "Nikolac, Juraj"]
[Result "1-0"]
[WhiteElo "2492"]
[BlackElo "2475"]
[Annotator "Schluricke,R"]
[PlyCount "115"]
[EventDate "1999.12.10"]
[EventType "tourn"]
[EventRounds "9"]
[EventCountry "CRO"]
[EventCategory "13"]
[SourceTitle "CBM 075"]
[Source "ChessBase"]
[SourceDate "2000.04.05"]
[SourceVersion "1"]
[SourceVersionDate "2000.04.05"]
[SourceQuality "1"]

1. d4 g6 2. e3 Bg7 3. b4 b6 4. Nf3 Bb7 5. Nbd2 d6 6. Bb5+ Nd7 7. O-O Ngf6 8. c4
O-O 9. Bb2 c5 10. bxc5 bxc5 11. Rb1 Rb8 12. Qc2 Qc7 13. d5 Nb6 14. Bc3 Bc8 15.
e4 Nh5 16. Ba5 Nf4 17. Rfe1 e5 18. Nf1 f5 19. N3d2 Qe7 20. Rb3 Kh8 21. Kh1 h5
22. Ne3 Bh6 23. a4 h4 24. Bc3 h3 25. g3 Nh5 26. exf5 Bxe3 27. Rxe3 Bxf5 28. Qd1
Qg5 29. Qe2 Kg8 30. a5 Nc8 31. f3 Nf6 32. Ba4 Rxb3 33. Bxb3 Qh6 34. Nf1 Ne7 (
34... Ng4 $1 35. fxg4 $140 $2 Bxg4 {[%cal Yf8f1]} 36. Kg1 (36. Qe1 $2 Rxf1+ 37.
Qxf1 Qxe3 {[%cal Rg4f3]} 38. Bd1 Bxd1 39. Qxd1 Qe4+)) 35. Bd2 Qh5 36. Bd1 (36.
g4 Nxg4 37. Ng3 Qh4 38. fxg4 Bxg4) 36... Bd7 37. Rb3 Ba4 38. Rb7 Bxd1 39. Qxd1
Rf7 40. Kg1 (40. Rxa7) 40... e4 41. Rb3 exf3 42. Qxf3 Ng4 43. Qe2 Nf5 44. Rb8+
Kg7 45. Bc3+ Nd4 46. Bxd4+ cxd4 47. Re8 Qf5 48. Re4 Ne5 49. Rf4 d3 50. Qf2 Qd7
51. Rxf7+ Qxf7 52. Qxf7+ Kxf7 53. Nd2 Ke7 54. Kf2 Ng4+ 55. Kf3 Nxh2+ 56. Kf4
Kf6 57. g4 g5+ 58. Kg3 {Wahrscheinlich ist hier bei Schwarz das Blättchen
gefallen, eigentlich steht Schwarz auf Gewinn.} (58. Kg3 Nxg4 59. Kxh3 Ne5 $19
60. Kg2 Kf5 61. Kg3 a6 62. Kg2 Kf4 63. Kf2 g4 $19) 1-0